000 00528nam a2200181 4500
001 136974
003 ES-MaACL
005 20230906195257.0
007 t|
008 070214s1967 sp r ||||1| spa d
100 1 _aSaint-Laurent, Cécil.
_970631
245 1 0 _aCitas peligrosas /
_cCecil Saint-Laurent ; traducción de Montserrat Busquets.
250 _a1 ª. ed.
260 _aBarcelona :
_bDima,
_c1967.
300 _a159 p. ;
_c19 cm.
700 1 _aBusquets, Montserrat.
_932843
852 _aES-MaACL
_jC-32842
_bR.62953
999 _c136974
_d136974